000 00505nam a2200181Ia 4500
001 19861
005 20260306172724.0
008 260306t2014||||xx |||||||||||||| ||spa||
041 _aESP
082 _a341.2
_bS21
100 _aSantiago, Alfonso
_eAUT
245 0 _aEl alcance del control judicial de razonabilidad de las políticas públicas. perspectiva argentina y comparada
260 _c2014
300 _a32 páginas :
_c22 cm.
650 _aGEN
654 _aCDE
942 _cLIB
_dJUS
_fJUS
_2ddc
_n
999 _c19861
_d19861